000 01084cam a22003497a 4500
003 CHAP
005 20220817043929.0
008 040308d2003 it rn 00110 fre d
010 _a88136
011 _a89108
020 _a9252049185
035 _a99657
040 _cCHAP
082 0 4 _a641
_bF3f v.76
110 2 _aFAO
245 1 0 _aGarantir la sécurité sanitaire et la qualité des aliments :
_bdirectives pour le renforcement des systémes nationaux de contrôle alimentaire
_c/par FAO
260 _aRome :
_bFAO,
_c2003.
300 _a79 p.
410 _aFAO
490 0 _aAlimentación y nutrición
_v; 76
590 _aBATCH-UPD
_b10
_c20130110
_lUCH01
_h1856
590 _aBATCH-UPD
_b10
_c20130410
_lUCH01
_h1225
590 _aCONVERSION
_b10
_c20130109
_lUCH01
_h1349
650 1 4 _aAlimentos
_xCalidad.
650 1 4 _aAlimentos
_xControl.
_94211
810 0 _aFAO
830 0 0 _aAlimentacion y nutricion
_v; 76
_94112
901 _aBK
905 _aAlejandra Carrasco M.
942 _cLIBRO
949 _a641 F3f v.76
_bBC
_cFAO
_d33724000921771
_eFAO1
_h104500
_i99657
_sb
999 _c88136
_d88136